000 00672nam a22002177a 4500
005 20170124110237.0
010 _aB-128336
020 _c250.00
_a818183027
035 _aB-128336
037 _bCen Lib/Ret
040 _aDPL
_bEN
082 _a174.9658
_bSAR
100 _aSarangi, S.K.
_942209
245 _aValues & ethics of profession & business :
_cby S.K. Sarangi
_bconcepts & cases /
260 _aMumbai
_bVMP Publishers
_c2004
270 _bMumbai
_a6 princess building, E.R. road,
_e400003
300 _a368p.
_c23cm(pbk)
650 _aEthics & values
_972718
650 _aBussiness--ethics
_972719
942 _2ddc
_cEN
_h174.9658
_mSAR
999 _c134936
_d134936